Prognostické metódy

Guardado en:
Detalles Bibliográficos
Autor principal: Vincúr, Pavol
Autor Corporativo: Vysoká škola ekonomická v Bratislave. Národohospodárska fakulta
Otros Autores: Gajdošík, Ivan, Tvrdoň, Jozef, Rublíková, Eva
Formato: Libro
Lenguaje:eslovaco
Publicado: Bratislava Edičné stredisko VŠE 1982
Materias:
Etiquetas: Agregar Etiqueta
Sin Etiquetas, Sea el primero en etiquetar este registro!

MARC

LEADER 00000nam$a2200000$$$4500
001 0097438
005 20240502072058.5
041 0 |a slo 
044 |a SK 
245 1 0 |a Prognostické metódy  |c Pavol Vincúr a kolektív 
264 1 |a Bratislava  |b Edičné stredisko VŠE  |c 1982 
300 |a 147 s. 
610 2 0 |a metódy prognostické 
610 2 0 |a prognózovanie 
610 2 0 |a prognózy hospodárske 
100 1 |a Vincúr, Pavol 
700 1 |a Gajdošík, Ivan 
700 1 |a Tvrdoň, Jozef 
700 1 |a Rublíková, Eva 
710 2 |a Vysoká škola ekonomická v Bratislave. Národohospodárska fakulta